Coaching és tanulás Soft skillek fejlesztésének lehetőségei a munkavállalók világában
| Szerző: | |
|---|---|
| További közreműködők: | |
| Dokumentumtípus: | Diplomadolgozat |
| Kulcsszavak: | coach coachee coaching soft skill tanulás |
| Online Access: | http://dolgozattar.uni-bge.hu/60239 |
MARC
| LEADER | 00000nta a2200000 i 4500 | ||
|---|---|---|---|
| 001 | dolg60239 | ||
| 005 | 20260409150159.0 | ||
| 008 | 260409suuuu hu om 000 hun d | ||
| 040 | |a BGE Dolgozattár Repozitórium |b hun | ||
| 041 | |a hu | ||
| 100 | 1 | |a Viola Tünde | |
| 245 | 1 | 0 | |a Coaching és tanulás |b Soft skillek fejlesztésének lehetőségei a munkavállalók világában |c Viola Tünde |h [elektronikus dokumentum] |
| 520 | 3 | |a A soft skillek mint például a kommunikáció, problémamegoldás, konfliktuskezelés, döntéshozatal és együttműködés egyre fontosabbak a munkaerőpiacon. A technológiai fejlődés miatt a munkáltatók olyan készségeket keresnek, amelyek emberi kreativitást igényelnek, gépekkel nem helyettesíthetőek, ezért felértékelődnek (Chaudhari, 2021). A szakdolgozatom a coaching szerepét és annak hatását vizsgálja a soft skillek fejlesztésében, és bemutatja, hogy a coaching hogyan segíthet a vezetőknek és a beosztottaknak egyaránt. | |
| 695 | |a coach | ||
| 695 | |a coachee | ||
| 695 | |a coaching | ||
| 695 | |a soft skill | ||
| 695 | |a tanulás | ||
| 700 | 1 | |a Szénich Dr. Alexandra Emőke |e ths | |
| 856 | 4 | 0 | |u http://dolgozattar.uni-bge.hu/60239/1/Viola_T%C3%BCnde_Szakdolgozat.pdf |z Dokumentum-elérés |
| 856 | 4 | 0 | |u http://dolgozattar.uni-bge.hu/60239/2/Viola%20Tu%CC%88nde_KeszeiBarbara.pdf |z Dokumentum-elérés |
| 856 | 4 | 0 | |u http://dolgozattar.uni-bge.hu/60239/3/Viola_T%C3%BCnde_konzulensi_b%C3%ADr%C3%A1lat.pdf |z Dokumentum-elérés |